000 00533nam a2200217Ia 4500
003 OSt
005 20220924144920.0
006 a|||||r|||| 00| 0
007 ta
008 220923b |||||||| |||| 00| 0 urd d
024 _a323759
037 _cTextual
040 _aARTS
_cARTS
_burd
041 _2urd
_aurd
082 _aV73, 168P5
245 0 _aEk khaka
_b America ki tareekh
260 _c2005
650 _aUNITED STATES - HISTORY
_931585
942 _hV73, 168P5
_cTEXL
_2CC
999 _c458654
_d458654